№ 2; Высшее образование в России

Bibliografiske detaljer
Parent link:Высшее образование в России: научно-педагогический журнал/ Комитет по высшей школе Министерства науки, высшей школы и технической политики РФ. № 2.— , 1993-.— 0869-3617
Sprog:russisk
Udgivet: 1994
Format: Bog
KOHA link:https://koha.lib.tpu.ru/cgi-bin/koha/opac-detail.pl?biblionumber=433598

MARC

LEADER 00000nam2a2200000 4500
001 433598
005 20231101075751.0
035 |a (RuTPU)RU\TPU\prd\94532 
035 |a RU\TPU\prd\1419 
090 |a 433598 
100 |a 20110111a19929999k y0rusy50 ca 
101 0 |a rus 
102 |a RU 
200 0 |a № 2 
210 |d 1994 
461 1 |0 (RuTPU)RU\TPU\prd\121  |x 0869-3617  |t Высшее образование в России  |o научно-педагогический журнал  |f Комитет по высшей школе Министерства науки, высшей школы и технической политики РФ  |v № 2  |d 1993- 
801 0 |a RU  |b 63413507  |c 20011210  |g PSBO 
801 2 |a RU  |b 63413507  |c 20111014  |g PSBO 
942 |c BK 
999 |a НТБ_ТПУ  |b НФ  |e -8/20110111  |p П-9131  |u 0,00  |v 1